[Event "Choc des generations"]
[Site "Montreal CAN"]
[Date "2016.06.26"]
[Round "4.5"]
[White "Voskanyan, Vahagn"]
[Black "Rodrigue-Lemieux, Shawn"]
[Result "1/2-1/2"]
[WhiteElo "2210"]
[BlackElo "1965"]
[PlyCount "166"]
[EventDate "2016.06.24"]
[EventType "schev"]
[EventRounds "5"]
[EventCountry "CAN"]

1. c4 Nf6 2. g3 g6 3. Bg2 Bg7 4. Nc3 e5 5. Nf3 Nc6 6. d4 exd4 7. Nxd4 O-O 8.
O-O Re8 9. e3 Ne7 10. Nc2 d6 11. h3 Be6 12. Qe2 c6 13. Rd1 Qd7 14. Kh2 d5 15.
Na3 Qc7 16. cxd5 Nexd5 17. Nxd5 Bxd5 18. Bxd5 Nxd5 19. Qc2 Rad8 20. Bd2 Qe5 21.
Rab1 h5 22. Nc4 Qf5 23. Kg2 Qe6 24. Na5 Rd7 25. b4 h4 26. g4 f5 27. gxf5 gxf5
28. Nb3 Qg6+ 29. Kh2 Qh5 30. Rg1 Kh8 31. Qd1 Qxd1 32. Rbxd1 Be5+ 33. Kh1 Rg7
34. Rxg7 Kxg7 35. Nc5 Re7 36. Nd3 Bd6 37. Kg2 Re4 38. a3 Kf6 39. Kf3 Rc4 40.
Rc1 Rxc1 41. Bxc1 b6 42. Bb2+ Ke6 43. e4 fxe4+ 44. Kxe4 c5 45. bxc5 bxc5 46. f4
c4 47. f5+ Ke7 48. Nf2 c3 49. Bc1 Nf6+ 50. Kd4 Bg3 51. Nd3 c2 52. Nb4 Bf2+ 53.
Kd3 Nd7 54. Nxc2 Kf6 55. Be3 Nc5+ 56. Ke2 Bxe3 57. Nxe3 a5 58. Kf2 a4 59. Kg2
Kg5 60. Kf3 Nb3 61. Ke4 Nd2+ 62. Ke5 Nf3+ 63. Kd5 Kf6 64. Ke4 Ng5+ 65. Kf4
Nxh3+ 66. Kg4 Ng1 67. Kxh4 Ne2 68. Kg4 Nd4 69. Kf4 Nb5 70. Nc4 Nc3 71. Nd6 Ne2+
72. Kf3 Nc3 73. Kg4 Nd5 74. Ne8+ Ke7 75. Ng7 Ne3+ 76. Kg5 Kf7 77. Ne6 Nc4 78.
Nd8+ Ke7 79. Nc6+ Kf8 80. Kg6 Nxa3 81. Nd4 Nc4 82. Ne6+ Ke8 83. f6 Nd6 1/2-1/2

[Event "Laval op"]
[Site "Laval CAN"]
[Date "2016.06.23"]
[Round "1.14"]
[White "Rodrigue-Lemieux, Shawn"]
[Black "Steinberg, Ellis"]
[Result "0-1"]
[WhiteElo "1965"]
[BlackElo "1581"]
[PlyCount "74"]
[EventDate "2016.06.23"]
[EventType "swiss"]
[EventRounds "7"]
[EventCountry "CAN"]

1. e4 g6 2. d4 d6 3. Nf3 Bg7 4. Nc3 c6 5. Bc4 Nf6 6. Bb3 b5 7. a3 O-O 8. Be3
Nbd7 9. h3 Nb6 10. Qc1 Qc7 11. Bh6 a6 12. Nh2 c5 13. dxc5 dxc5 14. Ng4 c4 15.
Bxg7 Kxg7 16. Qh6+ Kg8 17. Nxf6+ exf6 18. Ba2 f5 19. O-O-O Be6 20. g4 fxe4 21.
Nxe4 f5 22. Ng5 Rae8 23. Rd6 Bd5 24. Rd1 Re7 25. Rxb6 Qxb6 26. Rxd5 Re1+ 27.
Rd1 Rxd1+ 28. Kxd1 Qb7 29. Kd2 Qd5+ 30. Kc3 Qe5+ 31. Kb4 Qe1+ 32. Kc5 Qe7+ 33.
Kb6 Qd6+ 34. Ka5 Qc7+ 35. Kb4 a5+ 36. Kxb5 Rb8+ 37. Ka4 Qc6+ 0-1

[Event "Laval op"]
[Site "Laval CAN"]
[Date "2016.06.24"]
[Round "2.11"]
[White "Agnaieff, Vladimir"]
[Black "Rodrigue-Lemieux, Shawn"]
[Result "0-1"]
[WhiteElo "1830"]
[BlackElo "1965"]
[PlyCount "44"]
[EventDate "2016.06.23"]
[EventType "swiss"]
[EventRounds "7"]
[EventCountry "CAN"]

1. c4 Nf6 2. Nc3 d5 3. cxd5 Nxd5 4. g3 c6 5. Bg2 g6 6. d4 Bg7 7. e4 Nxc3 8.
bxc3 c5 9. Ne2 O-O 10. O-O Bg4 11. f3 Bd7 12. Be3 Bb5 13. Rf2 Nc6 14. d5 Ne5
15. Qb3 Qa5 16. a4 Ba6 17. Bf1 Rac8 18. Nf4 Bxf1 19. Raxf1 b6 20. c4 Qb4 21.
Qxb4 cxb4 22. Rb1 Nxc4 0-1

[Event "Montreal CC-ch"]
[Site "Montreal CAN"]
[Date "2016.06.10"]
[Round "1.4"]
[White "Rodrigue-Lemieux, Shawn"]
[Black "Democri, Fardin"]
[Result "1-0"]
[WhiteElo "2161"]
[BlackElo "1493"]
[PlyCount "45"]
[EventDate "2016.06.10"]
[EventType "swiss"]
[EventRounds "5"]
[EventCountry "CAN"]

1. e4 c6 2. d4 d5 3. Nc3 dxe4 4. Nxe4 Bf5 5. Ng3 Bg6 6. Nh3 h6 7. Nf4 Bh7 8.
Bd3 Bxd3 9. Qxd3 Nf6 10. Bd2 e6 11. O-O-O Na6 12. Ngh5 g5 13. Nxe6 Qe7 14.
Neg7+ Bxg7 15. Nxg7+ Kf8 16. Rhe1 Qc7 17. Nf5 Qxh2 18. Qa3+ Kg8 19. Rh1 Qc7 20.
Nxh6+ Kg7 21. Nf5+ Kg6 22. Qd3 Ng4 23. Nh6+ 1-0

[Event "Montreal CC-ch"]
[Site "Montreal CAN"]
[Date "2016.06.11"]
[Round "2.3"]
[White "Struben, Jeroen"]
[Black "Rodrigue-Lemieux, Shawn"]
[Result "1/2-1/2"]
[WhiteElo "1796"]
[BlackElo "2161"]
[PlyCount "75"]
[EventDate "2016.06.10"]
[EventType "swiss"]
[EventRounds "5"]
[EventCountry "CAN"]

1. d4 d5 2. c4 c6 3. Nf3 Nf6 4. e3 Bf5 5. Nc3 e6 6. Qb3 Qb6 7. Ne5 Nbd7 8. Nxd7
Nxd7 9. c5 Qc7 10. Be2 Be7 11. O-O O-O 12. Bd2 b6 13. Rfc1 bxc5 14. Qa4 Rab8
15. Nd1 Bd6 16. Ba5 Nb6 17. Qa3 cxd4 18. b4 dxe3 19. Nxe3 Bxh2+ 20. Kh1 Be5 21.
Nxf5 Bxa1 22. b5 exf5 23. Rxa1 Qe5 24. Re1 Nc4 25. Bxc4 Qd4 26. Bb3 cxb5 27.
Kg1 Rfe8 28. Rd1 Qg4 29. Qd6 Qg6 30. Qxd5 Qf6 31. Qd7 a6 32. Rd6 Qe7 33. Bb4 a5
34. Bxa5 Rb7 35. Qxe7 Rbxe7 36. Rd5 Re5 37. Rd7 R5e7 38. Rd5 1/2-1/2

[Event "Montreal CC-ch"]
[Site "Montreal CAN"]
[Date "2016.06.11"]
[Round "3.6"]
[White "Rodrigue-Lemieux, Shawn"]
[Black "Ouellet, Maili-Jade"]
[Result "1/2-1/2"]
[WhiteElo "2161"]
[BlackElo "1973"]
[PlyCount "58"]
[EventDate "2016.06.10"]
[EventType "swiss"]
[EventRounds "5"]
[EventCountry "CAN"]

1. c4 e6 2. Nc3 d5 3. Nf3 Nf6 4. d4 Be7 5. g3 O-O 6. Bg2 b6 7. Bf4 Bb7 8. O-O
c5 9. cxd5 exd5 10. Ne5 Na6 11. e3 Nc7 12. dxc5 bxc5 13. Qb3 Qc8 14. Rfd1 Rd8
15. Rac1 Ne6 16. Nxd5 Nxd5 17. Bxd5 Bxd5 18. Rxd5 g5 19. Ng4 gxf4 20. Nh6+ Kf8
21. Rf5 f6 22. Rxf4 Rb8 23. Rg4 Bd6 24. Rg8+ Ke7 25. Rg7+ Ke8 26. Qd5 Be5 27.
Rg8+ Ke7 28. Nf5+ Kf7 29. Nh6+ Ke7 1/2-1/2

[Event "Montreal CC-ch"]
[Site "Montreal CAN"]
[Date "2016.06.12"]
[Round "4.6"]
[White "Ber, Alexandre"]
[Black "Rodrigue-Lemieux, Shawn"]
[Result "0-1"]
[WhiteElo "1701"]
[BlackElo "2161"]
[PlyCount "38"]
[EventDate "2016.06.10"]
[EventType "swiss"]
[EventRounds "5"]
[EventCountry "CAN"]

1. d4 d5 2. c4 c6 3. Nc3 Nf6 4. Nf3 e6 5. e3 Bd6 6. Qc2 O-O 7. Bd2 Nbd7 8. cxd5
exd5 9. Rb1 Re8 10. Be2 Ne4 11. b4 Ndf6 12. b5 Bf5 13. Bd3 c5 14. Nh4 Nxd2 15.
Qxd2 Bxd3 16. Qxd3 cxd4 17. Qxd4 Be5 18. Qd3 Bxc3+ 19. Qxc3 Ne4 0-1

[Event "Montreal CC-ch"]
[Site "Montreal CAN"]
[Date "2016.06.12"]
[Round "5.4"]
[White "Rodrigue-Lemieux, Shawn"]
[Black "Heredia, Jose"]
[Result "1-0"]
[WhiteElo "2161"]
[BlackElo "1941"]
[PlyCount "65"]
[EventDate "2016.06.10"]
[EventType "swiss"]
[EventRounds "5"]
[EventCountry "CAN"]

1. e4 c6 2. d4 d5 3. Nc3 dxe4 4. Nxe4 Nd7 5. Nf3 Ngf6 6. Bd3 Nxe4 7. Bxe4 Nf6
8. Bd3 Bg4 9. Be3 e6 10. h3 Bxf3 11. Qxf3 Bb4+ 12. c3 Bd6 13. O-O-O h6 14. g4
Qa5 15. Kb1 Qd5 16. Qe2 Qa5 17. Bd2 Qc7 18. c4 O-O-O 19. Rhe1 Kb8 20. Bc3 Bf4
21. Qf3 Rd7 22. h4 Rhd8 23. g5 hxg5 24. hxg5 Ne8 25. g6 fxg6 26. Bxg6 Nf6 27.
Rxe6 Rh8 28. Rde1 a6 29. Bf5 Rf7 30. Bb4 Ka8 31. a3 g5 32. Bg6 Rff8 33. Bxf8
1-0

[Event "Mercredi 2016.05.11 ABCD"]
[Site "Montreal CAN"]
[Date "2016.05.11"]
[Round "1"]
[White "Rodrigue-Lemieux, Shawn"]
[Black "Boudreau, Daniel"]
[Result "1/2-1/2"]
[WhiteElo "2141"]
[BlackElo "2130"]
[PlyCount "153"]
[EventDate "2016.05.11"]
[EventType "tourn"]
[EventRounds "5"]
[EventCountry "CAN"]

1. e4 e5 2. Nf3 Nc6 3. Bc4 Nf6 4. Ng5 d5 5. exd5 Na5 6. Bb5+ c6 7. dxc6 bxc6 8.
Qf3 Be7 9. Bd3 O-O 10. Nc3 h6 11. Nge4 Nd5 12. Ng3 Nb4 13. O-O Nxd3 14. Qxd3
Qxd3 15. cxd3 Ba6 16. Re1 Bf6 17. Nce4 Bxd3 18. Nc5 Bg6 19. Nge4 Rfd8 20. d3
Be7 21. Bd2 Bxc5 22. Nxc5 Nc4 23. Bc3 Bxd3 24. b3 Nb6 25. Rxe5 Bg6 26. h4 Rac8
27. Rae1 f6 28. R5e2 Bf7 29. Bb2 Nd5 30. Re4 Nb6 31. R1e2 Rd5 32. Na6 Ra5 33.
Nb4 c5 34. Nd3 Rxa2 35. Nf4 Nd5 36. Nxd5 Bxd5 37. R4e3 Rb8 38. Bc3 Rxe2 39.
Rxe2 Rxb3 40. Ba5 Kf7 41. Bc7 Rb7 42. Bf4 Rb4 43. Bd6 Rxh4 44. Bxc5 Rg4 45.
Re7+ Kg6 46. Rxa7 Bxg2 47. Kh2 Bf3 48. Kh3 Kh5 49. Bf8 g5 50. Rh7 Kg6 51. Rxh6+
Kf7 52. Rh8 Rc4 53. Bd6 Rd4 54. Bc5 Rd1 55. Kg3 Be2 56. Kg2 f5 57. Rf8+ Kg6 58.
Re8 Bc4 59. Kf3 Rd3+ 60. Kg2 f4 61. Re1 Bd5+ 62. Kf1 Bf3 63. Rc1 Rd7 64. Ke1
Kf5 65. Bb4 Kg4 66. Bd2 Kh3 67. Rc5 g4 68. Rf5 Re7+ 69. Kf1 g3 70. fxg3 Be2+
71. Kg1 fxg3 72. Rf8 Rh7 73. Bc3 Kg4 74. Rg8+ Kf3 75. Rf8+ Kg4 76. Rg8+ Kh3 77.
Rh8 1/2-1/2

[Event "Mercredi 2016.05.11 ABCD"]
[Site "Montreal CAN"]
[Date "2016.05.25"]
[Round "3"]
[White "Tremblay, Alain"]
[Black "Rodrigue-Lemieux, Shawn"]
[Result "1/2-1/2"]
[WhiteElo "2237"]
[BlackElo "2141"]
[PlyCount "33"]
[EventDate "2016.05.11"]
[EventType "tourn"]
[EventRounds "5"]
[EventCountry "CAN"]

1. c4 e5 2. Nc3 Nf6 3. g3 d6 4. Bg2 g6 5. d3 Bg7 6. Nf3 O-O 7. Rb1 Nc6 8. b4
Ne8 9. b5 Ne7 10. O-O f5 11. d4 e4 12. Ng5 h6 13. Nh3 Be6 14. d5 Bf7 15. Qc2 g5
16. f3 exf3 17. exf3 1/2-1/2

[Event "Mercredi 2016.05.11 ABCD"]
[Site "Montreal CAN"]
[Date "2016.06.01"]
[Round "4"]
[White "Rodrigue-Lemieux, Shawn"]
[Black "Lopez Linares, Lizandro"]
[Result "1-0"]
[WhiteElo "2141"]
[BlackElo "2214"]
[PlyCount "51"]
[EventDate "2016.05.11"]
[EventType "tourn"]
[EventRounds "5"]
[EventCountry "CAN"]

1. e4 d5 2. Nc3 dxe4 3. Nxe4 Nf6 4. Nxf6+ exf6 5. Nf3 Bd6 6. d4 O-O 7. Bd3 Re8+
8. Be3 f5 9. O-O f4 10. Bd2 Bg4 11. Re1 Rxe1+ 12. Qxe1 Bxf3 13. gxf3 Nc6 14.
Qe4 Qh4 15. Re1 Rf8 16. c4 Bb4 17. Bxb4 Nxb4 18. Bf1 Nc6 19. d5 Nd8 20. Qe7 f6
21. Qxc7 Nf7 22. d6 Ne5 23. Bg2 Qg5 24. Qxb7 Nxc4 25. Qb3 Qd5 26. Bf1 1-0

[Event "Mercredi 2016.05.11 ABCD"]
[Site "Montreal CAN"]
[Date "2016.06.08"]
[Round "5"]
[White "Cloutier, Mathieu"]
[Black "Rodrigue-Lemieux, Shawn"]
[Result "1-0"]
[WhiteElo "2074"]
[BlackElo "2141"]
[PlyCount "57"]
[EventDate "2016.05.11"]
[EventType "tourn"]
[EventRounds "5"]
[EventCountry "CAN"]

1. e4 c5 2. Nf3 d6 3. d4 cxd4 4. Nxd4 Nf6 5. Nc3 Nc6 6. Bc4 e6 7. Be3 Be7 8.
Qe2 Bd7 9. O-O-O Na5 10. Bd3 Rc8 11. f4 Nc6 12. g4 e5 13. Nf5 Bxf5 14. exf5 Qa5
15. g5 Nd7 16. g6 exf4 17. gxf7+ Kf8 18. Bxf4 Nde5 19. Bb5 a6 20. Bxc6 Rxc6 21.
Rd5 Qb4 22. Bxe5 dxe5 23. Qxe5 Kxf7 24. Rd7 Qc5 25. Qxc5 Rxc5 26. Re1 Re8 27.
Nd5 Rxd5 28. Rxd5 Bg5+ 29. Kd1 1-0

[Event "McGill op"]
[Site "Montreal CAN"]
[Date "2016.04.29"]
[Round "1.13"]
[White "Saha, Ananda"]
[Black "Rodrigue-Lemieux, Shawn"]
[Result "0-1"]
[WhiteElo "1845"]
[BlackElo "2040"]
[PlyCount "86"]
[EventDate "2016.04.28"]
[EventType "swiss"]
[EventRounds "5"]
[EventCountry "CAN"]

1. d4 d5 2. Nf3 e6 3. g3 Bd6 4. Bg2 f5 5. O-O Nf6 6. c4 c6 7. e3 O-O 8. b3 Qe7
9. Bb2 Ne4 10. Nbd2 Nd7 11. Ne5 Nxe5 12. dxe5 Bc7 13. f3 Nxd2 14. Qxd2 b6 15.
e4 Ba6 16. exd5 cxd5 17. cxd5 Qc5+ 18. Rf2 exd5 19. Rc1 Qe7 20. Qxd5+ Kh8 21.
f4 Rac8 22. Rfc2 Rfd8 23. Qc6 Bb8 24. Qxc8 Bxc8 25. Rxc8 h6 26. Bh3 g6 27. Bg2
Kh7 28. e6 Bd6 29. Rxd8 Qxd8 30. Kh1 Bc5 31. b4 Bxb4 32. Be5 Bc5 33. h4 Qd2 34.
Rc3 Qd1+ 35. Kh2 Bg1+ 36. Kh1 Bd4+ 37. Kh2 Bxc3 38. Bxc3 Qd6 39. a3 Qxe6 40.
Bb4 Kg8 41. Kh3 a5 42. Bd2 Qb3 43. Bc1 Qc3 0-1

[Event "McGill op"]
[Site "Montreal CAN"]
[Date "2016.04.30"]
[Round "2.5"]
[White "Rodrigue-Lemieux, Shawn"]
[Black "Zhu, Hong Rui"]
[Result "0-1"]
[WhiteElo "2040"]
[BlackElo "2273"]
[PlyCount "122"]
[EventDate "2016.04.28"]
[EventType "swiss"]
[EventRounds "5"]
[EventCountry "CAN"]

1. e4 c5 2. Nf3 d6 3. d4 cxd4 4. Qxd4 Nc6 5. Bb5 Bd7 6. Bxc6 Bxc6 7. Nc3 Nf6 8.
Bg5 e6 9. O-O-O Be7 10. Qd3 Qa5 11. Kb1 O-O 12. Bd2 Qa6 13. Qxa6 bxa6 14. Rhe1
Rac8 15. Nd4 Ba8 16. f3 Nd7 17. Nce2 Rc7 18. b3 Nb6 19. c4 Bf6 20. Bb4 Rd8 21.
Nc2 Rc6 22. Ned4 Rcc8 23. f4 g6 24. Nf3 Rc6 25. e5 Be7 26. exd6 Bf6 27. Ne5
Bxe5 28. fxe5 Rb8 29. Bc3 Nd7 30. Kc1 a5 31. Nd4 Rc5 32. Nb5 Rbxb5 33. cxb5
Rxc3+ 34. Kb2 Rc5 35. Rc1 Bxg2 36. Rxc5 Nxc5 37. Ka3 f5 38. exf6 Kf7 39. Rc1
Nb7 40. Rc2 Be4 41. Rc4 Nxd6 42. Rc7+ Kxf6 43. Ka4 Nb7 44. Rxh7 Bd5 45. h4 e5
46. h5 e4 47. Rh6 Bf7 48. hxg6 Bxg6 49. Ka3 e3 50. Kb2 e2 51. Rh1 Nc5 52. Kc3
Nd3 53. Kd2 e1=Q+ 54. Rxe1 Nxe1 55. Kxe1 Ke5 56. Kd2 Kd4 57. a3 Bd3 58. a4 Bf5
59. Kc1 Kc3 60. Kd1 Bd3 61. Kc1 Bc2 0-1

[Event "McGill op"]
[Site "Montreal CAN"]
[Date "2016.04.30"]
[Round "3.12"]
[White "Johnson-Constantin, Matthieu"]
[Black "Rodrigue-Lemieux, Shawn"]
[Result "1-0"]
[WhiteElo "1813"]
[BlackElo "2040"]
[PlyCount "57"]
[EventDate "2016.04.28"]
[EventType "swiss"]
[EventRounds "5"]
[EventCountry "CAN"]

1. c4 c6 2. d4 d5 3. Nf3 e6 4. Bf4 f5 5. e3 Nf6 6. Nbd2 Be7 7. Qc2 O-O 8. Be2
Ne4 9. h3 Nd7 10. O-O g5 11. Bh2 g4 12. hxg4 fxg4 13. Ne5 g3 14. Bxg3 Nxg3 15.
fxg3 Nxe5 16. dxe5 Bc5 17. Qc3 Qg5 18. Rxf8+ Bxf8 19. Kf2 Bg7 20. Nf3 Qh5 21.
g4 Qxg4 22. Rh1 h6 23. Bd3 Bf8 24. Rh3 Kh8 25. Rg3 Qh5 26. Bg6 Qh1 27. Bf7 Bg7
28. Qc2 Qa1 29. Rxg7 1-0

[Event "McGill op"]
[Site "Montreal CAN"]
[Date "2016.05.01"]
[Round "4.12"]
[White "Rodrigue-Lemieux, Shawn"]
[Black "Huang, Qiuyu"]
[Result "1/2-1/2"]
[WhiteElo "2040"]
[BlackElo "1894"]
[PlyCount "103"]
[EventDate "2016.04.28"]
[EventType "swiss"]
[EventRounds "5"]
[EventCountry "CAN"]

1. b3 e5 2. Bb2 Nc6 3. e3 d6 4. d4 exd4 5. exd4 Bf5 6. Nf3 Qe7+ 7. Be2 Nf6 8.
O-O O-O-O 9. a3 h6 10. Bb5 a6 11. Bxc6 bxc6 12. Re1 Qd7 13. c4 Re8 14. Nbd2
Rxe1+ 15. Qxe1 Qe6 16. Qf1 Ne4 17. Re1 Nxd2 18. Nxd2 Qg6 19. Qe2 Qe6 20. Qf1
Qg6 21. Re3 Bd7 22. Qd1 Kd8 23. Nf3 Be7 24. c5 Bg5 25. Re1 Bf5 26. cxd6 cxd6
27. d5 c5 28. Nxg5 Qxg5 29. Qe2 Bh3 30. Qf3 Bd7 31. Qxf7 Qd2 32. Qe7+ Kc7 33.
Qe2 Qxd5 34. Qxa6 Qxb3 35. Qa7+ Qb7 36. Qxb7+ Kxb7 37. Bxg7 Rh7 38. Bc3 d5 39.
f3 Kc6 40. Kf2 d4 41. Bd2 Kd5 42. Rc1 h5 43. Bf4 Re7 44. Re1 Rxe1 45. Kxe1 c4
46. h4 c3 47. g4 Kc4 48. gxh5 Bh3 49. h6 Bf5 50. Kd1 Kb3 51. a4 Kxa4 52. Be5
1/2-1/2

[Event "McGill op"]
[Site "Montreal CAN"]
[Date "2016.05.01"]
[Round "5.12"]
[White "Marin, Sam"]
[Black "Rodrigue-Lemieux, Shawn"]
[Result "1-0"]
[WhiteElo "1885"]
[BlackElo "2040"]
[PlyCount "57"]
[EventDate "2016.04.28"]
[EventType "swiss"]
[EventRounds "5"]
[EventCountry "CAN"]

1. e4 c5 2. Nf3 d6 3. Nc3 Nf6 4. d4 cxd4 5. Nxd4 Nc6 6. Bc4 e6 7. Be3 Be7 8.
O-O O-O 9. Bb3 a6 10. f4 Bd7 11. g4 Nxd4 12. Bxd4 e5 13. fxe5 Bxg4 14. exf6
Bxd1 15. fxe7 Qxe7 16. Raxd1 Rac8 17. Rf2 Kh8 18. Rg2 f6 19. Rd3 b5 20. Bd5 Qd7
21. Rdg3 Rc7 22. Nd1 Qe8 23. Ne3 Qh5 24. Rg4 Qh3 25. R2g3 Qh6 26. h3 Rfc8 27.
c3 a5 28. Kh2 a4 29. Nf5 1-0

[Event "Quebec-ch U20"]
[Site "Montreal CAN"]
[Date "2016.04.22"]
[Round "1.4"]
[White "Guipi Bopala, Prince Eric jr"]
[Black "Rodrigue-Lemieux, Shawn"]
[Result "0-1"]
[WhiteElo "1630"]
[BlackElo "2219"]
[PlyCount "102"]
[EventDate "2016.04.22"]
[EventType "swiss"]
[EventRounds "5"]
[EventCountry "CAN"]

1. d4 d5 2. c4 c6 3. e3 e6 4. Nf3 f5 5. Be2 Nf6 6. Nc3 Bd6 7. c5 Bc7 8. b4 Nbd7
9. O-O O-O 10. Qc2 e5 11. Re1 e4 12. Nd2 Rf7 13. Nf1 Nf8 14. Ng3 g5 15. Bd2 f4
16. exf4 gxf4 17. Nf1 Ne6 18. Qc1 Nxd4 19. Bxf4 Bxf4 20. Qxf4 Nc2 21. Qg5+ Rg7
22. Qh4 Nxa1 23. Rxa1 Be6 24. Rd1 Qe7 25. Ne3 Rf8 26. Nc2 Ng4 27. Qxe7 Rxe7 28.
f3 exf3 29. Bxf3 Ne5 30. Be2 Bg4 31. Re1 Bxe2 32. Rxe2 Ref7 33. h3 Ng6 34. b5
Rf1+ 35. Kh2 R1f2 36. bxc6 Rxe2 37. Nxe2 bxc6 38. Nb4 Ne5 39. Nd4 Rf6 40. Kg3
a5 41. Nbc2 Nd3 42. Nb3 a4 43. Na5 Nxc5 44. Nd4 Ne4+ 45. Kh2 c5 46. Nf3 Ra6 47.
Nb7 Rb6 48. Na5 c4 49. Nd4 c3 50. Nac6 Rxc6 51. Nxc6 c2 0-1

[Event "Quebec-ch U20"]
[Site "Montreal CAN"]
[Date "2016.04.23"]
[Round "2.3"]
[White "Rodrigue-Lemieux, Shawn"]
[Black "Grandmont, Mathias"]
[Result "1-0"]
[WhiteElo "2219"]
[BlackElo "1357"]
[PlyCount "61"]
[EventDate "2016.04.22"]
[EventType "swiss"]
[EventRounds "5"]
[EventCountry "CAN"]

1. e4 c5 2. Nf3 d6 3. d4 cxd4 4. Qxd4 Nc6 5. Bb5 Bd7 6. Bxc6 Bxc6 7. Nc3 e5 8.
Qd3 Nf6 9. O-O Be7 10. Bg5 O-O 11. Rad1 Qb6 12. b3 Rad8 13. Nd2 Qc7 14. Bxf6
Bxf6 15. Nc4 Rd7 16. Ne3 Rc8 17. Ncd5 Bxd5 18. Nxd5 Qxc2 19. Nxf6+ gxf6 20.
Qg3+ Kf8 21. Qh4 Ke7 22. Qxh7 Qxa2 23. Qh3 Qc2 24. f4 Qxe4 25. fxe5 fxe5 26.
Rxf7+ Kxf7 27. Qxd7+ Kf6 28. Rxd6+ Kg5 29. Qg7+ Kf4 30. Qh6+ Kf5 31. Rf6+ 1-0

[Event "Quebec-ch U20"]
[Site "Montreal CAN"]
[Date "2016.04.23"]
[Round "3.2"]
[White "Tanaka, Tyler"]
[Black "Rodrigue-Lemieux, Shawn"]
[Result "0-1"]
[WhiteElo "1654"]
[BlackElo "2219"]
[PlyCount "88"]
[EventDate "2016.04.22"]
[EventType "swiss"]
[EventRounds "5"]
[EventCountry "CAN"]

1. e4 c6 2. d4 d5 3. exd5 cxd5 4. Bd3 Nf6 5. Bf4 Nc6 6. c3 g6 7. Qc2 Bg7 8. h3
O-O 9. Nf3 Re8 10. O-O Nd7 11. Nbd2 e5 12. dxe5 Ndxe5 13. Nxe5 Bxe5 14. Bxe5
Nxe5 15. Nb3 Bxh3 16. f4 Nxd3 17. Qxd3 Bf5 18. Qd2 Be4 19. Nd4 Qf6 20. f5 Re5
21. Rf2 gxf5 22. Raf1 Kh8 23. Ne2 Rg8 24. Qd4 Bxg2 25. Rxg2 Rxg2+ 26. Kxg2
Rxe2+ 27. Kh3 Qxd4 28. cxd4 Rxb2 29. Rxf5 Kg7 30. Rxd5 Rxa2 31. Kg4 Kf6 32. Rd7
Rb2 33. Kf4 Ke6 34. Rd8 a5 35. d5+ Ke7 36. Ra8 Rb4+ 37. Ke5 f6+ 38. Kf5 Rb5 39.
Ke4 Rb4+ 40. Kf5 a4 41. Ra7 h5 42. Ra8 h4 43. Rh8 a3 44. Rh7+ Kd6 0-1

[Event "Quebec-ch U20"]
[Site "Montreal CAN"]
[Date "2016.04.24"]
[Round "5.2"]
[White "Rodrigue-Lemieux, Shawn"]
[Black "Yu, Zong Yang"]
[Result "0-1"]
[WhiteElo "2219"]
[BlackElo "2391"]
[PlyCount "58"]
[EventDate "2016.04.22"]
[EventType "swiss"]
[EventRounds "5"]
[EventCountry "CAN"]

1. e4 c5 2. b3 d6 3. Bb2 a6 4. Nf3 Nc6 5. c4 Nf6 6. Nc3 Bg4 7. Be2 g6 8. h3
Bxf3 9. Bxf3 Bg7 10. Ne2 O-O 11. d4 cxd4 12. Nxd4 Qa5+ 13. Kf1 Nd7 14. g4 Nc5
15. Nxc6 bxc6 16. Bxg7 Kxg7 17. Kg2 Ne6 18. Qe1 Qe5 19. Rd1 a5 20. Qe3 Rfb8 21.
h4 Nf4+ 22. Kf1 a4 23. Re1 axb3 24. axb3 Ra2 25. g5 Rb2 26. Bd1 Ra8 27. Rg1
Raa2 28. Rg3 Rd2 29. Rf3 Nd3 0-1

[Event "Mercredi 2016.03.30 ABCD"]
[Site "Montreal CAN"]
[Date "2016.03.30"]
[Round "1"]
[White "Tremblay, Alain"]
[Black "Rodrigue-Lemieux, Shawn"]
[Result "1-0"]
[WhiteElo "2184"]
[BlackElo "2213"]
[PlyCount "71"]
[EventDate "2016.03.30"]
[EventType "tourn"]
[EventRounds "5"]
[EventCountry "CAN"]

1. d4 d5 2. Nf3 c6 3. e3 e6 4. Bd3 Bd6 5. Nbd2 f5 6. Ne5 Bxe5 7. dxe5 Nd7 8. f4
Ne7 9. Qh5+ Ng6 10. Nf3 Nc5 11. Ng5 Qe7 12. Bd2 Bd7 13. O-O Ne4 14. Bxe4 fxe4
15. c4 O-O-O 16. Rac1 Kb8 17. a3 b6 18. Bc3 Rdf8 19. cxd5 exd5 20. e6 Be8 21.
Qg4 h6 22. Nf7 Bxf7 23. exf7 Qxf7 24. f5 Ne7 25. Bxg7 h5 26. Qf4+ Kb7 27. Bxh8
Rxh8 28. Qd6 Rc8 29. f6 Ng6 30. Rf5 h4 31. b4 a6 32. Rcf1 Rc7 33. Rg5 h3 34. g3
Kc8 35. Rxg6 Qxg6 36. Qxc7+ 1-0

[Event "Mercredi 2016.03.30 ABCD"]
[Site "Montreal CAN"]
[Date "2016.04.06"]
[Round "2"]
[White "Cloutier, Mathieu"]
[Black "Rodrigue-Lemieux, Shawn"]
[Result "0-1"]
[WhiteElo "2111"]
[BlackElo "2213"]
[PlyCount "50"]
[EventDate "2016.03.30"]
[EventType "tourn"]
[EventRounds "5"]
[EventCountry "CAN"]

1. e4 c5 2. Nf3 d6 3. d4 cxd4 4. Nxd4 Nf6 5. Nc3 Nc6 6. Bc4 e6 7. Be3 Be7 8.
Qe2 Bd7 9. O-O-O O-O 10. Ndb5 Ne5 11. Bb3 Bxb5 12. Qxb5 Qc7 13. f3 Rfc8 14. Qe2
a6 15. Kb1 b5 16. Bf4 Rab8 17. Bxe5 dxe5 18. a4 Bb4 19. Na2 bxa4 20. Bxa4 Bc5
21. Qxa6 Ba3 22. Qd3 Bxb2 23. Bb3 Bd4 24. Kc1 Nd7 25. Qd2 Rxb3 0-1

[Event "Mercredi 2016.03.30 ABCD"]
[Site "Montreal CAN"]
[Date "2016.04.13"]
[Round "3"]
[White "Rodrigue-Lemieux, Shawn"]
[Black "Lebeau, Gilbert"]
[Result "1/2-1/2"]
[WhiteElo "2213"]
[BlackElo "2061"]
[PlyCount "110"]
[EventDate "2016.03.30"]
[EventType "tourn"]
[EventRounds "5"]
[EventCountry "CAN"]

1. e4 e6 2. d4 d5 3. Nd2 c5 4. Ngf3 Nf6 5. e5 Nfd7 6. c3 Nc6 7. Bd3 f6 8. exf6
Nxf6 9. Ne5 cxd4 10. cxd4 Nxd4 11. Qa4+ Nc6 12. Bb5 Bd7 13. Ndf3 Qa5+ 14. Qxa5
Nxa5 15. Nxd7 Nxd7 16. Ne5 Nc6 17. Nxc6 bxc6 18. Bxc6 Rc8 19. Bb5 Bd6 20. O-O
Ke7 21. Bg5+ Nf6 22. Rfe1 h6 23. Be3 Bc5 24. a4 Bxe3 25. Rxe3 Rhd8 26. Rae1 Rd6
27. f3 d4 28. R3e2 Nd5 29. Rd2 Ne3 30. Kf2 g5 31. g3 e5 32. Bd3 a5 33. Rb1 Rb6
34. Bb5 Rf6 35. Bd3 Rfc6 36. Be4 Rc1 37. Rxc1 Rxc1 38. Ke2 Kd6 39. Kd3 Kc5 40.
Bg6 Kb4 41. Be8 Rf1 42. Ke4 Re1 43. Kd3 Kb3 44. Bb5 Nd1 45. Bc4+ Kxa4 46. Bd5
Ne3 47. Be6 Kb4 48. f4 gxf4 49. gxf4 Nf1 50. Re2 e4+ 51. Rxe4 Rxe4 52. Kxe4 Kc5
53. h3 Ng3+ 54. Kd3 Nh5 55. f5 Nf6 1/2-1/2

[Event "Mercredi 2016.03.30 ABCD"]
[Site "Montreal CAN"]
[Date "2016.04.27"]
[Round "5"]
[White "Rodrigue-Lemieux, Shawn"]
[Black "Boudreau, Daniel"]
[Result "1-0"]
[WhiteElo "2213"]
[BlackElo "2109"]
[PlyCount "25"]
[EventDate "2016.03.30"]
[EventType "tourn"]
[EventRounds "5"]
[EventCountry "CAN"]

1. e4 d5 2. exd5 Qxd5 3. Nc3 Qd6 4. d4 Nf6 5. Bd3 c6 6. Nge2 Bg4 7. f3 Bh5 8.
Ne4 Nxe4 9. fxe4 e5 10. dxe5 Qxe5 11. O-O Bc5+ 12. Kh1 Nd7 13. Rf5 1-0

[Event "Mauricie op"]
[Site "Trois-Rivieres CAN"]
[Date "2016.03.18"]
[Round "1"]
[White "Rodrigue-Lemieux, Shawn"]
[Black "Durette, Francis"]
[Result "1-0"]
[WhiteElo "2192"]
[BlackElo "1953"]
[PlyCount "75"]
[EventDate "2016.03.18"]
[EventType "swiss"]
[EventRounds "5"]
[EventCountry "CAN"]

1. e4 e5 2. Nf3 Nc6 3. Bc4 Bc5 4. c3 Nf6 5. O-O O-O 6. d4 Bd6 7. Re1 h6 8. dxe5
Bxe5 9. Bd5 d6 10. Bxc6 bxc6 11. Nxe5 dxe5 12. Qc2 Qe7 13. Nd2 Nh5 14. Nb3 Qf6
15. a4 Qg6 16. Nc5 Bg4 17. Kh1 Nf4 18. Bxf4 exf4 19. f3 Be6 20. a5 Rab8 21. b4
Rfd8 22. Rad1 Bc4 23. Qf2 Qg5 24. Rd4 Be6 25. Red1 Rxd4 26. Qxd4 Kh8 27. Nxe6
fxe6 28. Qxa7 Rd8 29. Rg1 Rf8 30. Qxc7 Qb5 31. Qd6 Rf6 32. Qd8+ Kh7 33. Qb6 Qh5
34. a6 Rg6 35. a7 Rg5 36. Ra1 Qg6 37. Qf2 Rg3 38. a8=Q 1-0